[Event "Stockerau-Open 2005 A-Turnier"]
[Site "A-Turnier"]
[Date "2005.05.08"]
[Round "5"]
[White "Waller, Helmut"]
[Black "Ebner, Johann"]
[Result "1/2-1/2"]
[WhiteElo "2023"]
[BlackElo "2059"]
[PlyCount "94"]
[EventDate "2005.05.05"]

1. d4 Nf6 2. Nf3 g6 3. c4 d6 4. Nc3 Bg7 5. e4 O-O 6. h3 Na6 7. Be3 e5 8. d5 Nc5
9. Qc2 a5 10. g4 Ne8 11. Bg2 f5 12. gxf5 gxf5 13. Nd2 f4 14. Bxc5 dxc5 15.
O-O-O Nd6 16. Bf3 Qh4 17. Rh2 Kh8 18. a4 Bh6 19. Nb5 Qe7 20. Kb1 Rg8 21. Nb3 b6
22. Nc1 Rg6 23. Bh5 Rg5 24. Bg4 Bg7 25. Nxd6 cxd6 26. f3 h5 27. Bxc8 Rxc8 28.
Rg2 Rg3 29. Rdg1 h4 30. Qf2 Bf6 31. Ne2 Rcg8 32. Nxg3 Rxg3 33. Rh2 Qd7 34. b3
Qg7 35. Rhh1 Bg5 36. Kc2 Kg8 37. Kd1 Qf6 38. Ke2 Kf7 39. Qf1 Kg6 40. Rh2 Kf7
41. Rhh1 Kg6 42. Kf2 Kf7 43. Qe2 Kf8 44. Rxg3 fxg3+ 45. Kg2 Qf4 46. Ra1 Bd8 47.
Rd1 Kf7 1/2-1/2

[Event "Stockerau-Open 2005 A-Turnier"]
[Site "A-Turnier"]
[Date "2005.05.08"]
[Round "5"]
[White "Schindler, Gerhard"]
[Black "Wetzenkircher, Markus"]
[Result "1/2-1/2"]
[WhiteElo "1802"]
[BlackElo "1881"]
[PlyCount "133"]
[EventDate "2005.05.05"]

1. Nf3 c5 2. g3 d5 3. Bg2 Nc6 4. O-O e5 5. d3 Be6 6. Nbd2 f5 7. e4 fxe4 8. dxe4
d4 9. Qe2 Nh6 10. Nc4 Nf7 11. a4 Be7 12. Bd2 O-O 13. b3 Bg4 14. h3 Be6 15. Rad1
a6 16. a5 Bd6 17. Nxd6 Qxd6 18. Ra1 Qd7 19. Kh2 Rac8 20. Rfd1 Na7 21. c4 Nc6
22. Ne1 Rb8 23. Nd3 Qe7 24. Ra3 Nfd8 25. Qh5 Nf7 26. h4 g6 27. Qe2 Rbc8 28. Bh3
Ncd8 29. Bxe6 Nxe6 30. Qg4 Rc6 31. Kg2 h5 32. Qe2 Qf6 33. Rh1 Rc7 34. Ra2 Nd6
35. Rf1 Kh7 36. Raa1 Rcf7 37. Rab1 Nc8 38. Rb2 Ne7 39. Bc1 Nc6 40. Ra2 Qf3+ 41.
Qxf3 Rxf3 42. Rd1 Kg7 43. Ba3 Nb4 44. Nxb4 cxb4 45. Bxb4 R8f7 46. Rb2 Nd8 47.
Bd6 Nc6 48. b4 R3f6 49. Bc5 Rd7 50. Rd3 Rdf7 51. f3 Kh6 52. Bb6 g5 53. hxg5+
Kxg5 54. b5 Ne7 55. bxa6 bxa6 56. Bd8 Rc6 57. Rb7 Re6 58. Rdb3 Kg6 59. R3b6 Nc6
60. Rxf7 Kxf7 61. Rb7+ Ke8 62. Bb6 Rd6 63. Kf2 h4 64. gxh4 Rh6 65. Rg7 Rxh4 66.
Rg2 Kf7 67. Ke2 1/2-1/2

[Event "Stockerau-Open 2005 A-Turnier"]
[Site "A-Turnier"]
[Date "2005.05.08"]
[Round "5"]
[White "Rausch, Stefan"]
[Black "Kirchmayer, Heribert"]
[Result "1-0"]
[WhiteElo "1769"]
[BlackElo "1990"]
[PlyCount "52"]
[EventDate "2005.05.05"]

1. d4 Nf6 2. c4 g6 3. Nc3 Bg7 4. e4 d6 5. f3 O-O 6. Be3 Nbd7 7. Qd2 c5 8. Nge2
a6 9. g4 Qa5 10. Ng3 cxd4 11. Bxd4 Ne5 12. Be2 Be6 13. Nd5 Qxd2+ 14. Kxd2 Nxd5
15. cxd5 Bd7 16. Be3 Rfc8 17. Rhc1 b5 18. Rxc8+ Rxc8 19. Rc1 Nc4+ 20. Bxc4 bxc4
21. b3 c3+ 22. Kc2 a5 23. a4 e6 24. Rd1 Rb8 25. Bd4 Bxa4 26. bxa4 Rb2+ 1-0

[Event "Stockerau-Open 2005 A-Turnier"]
[Site "A-Turnier"]
[Date "2005.05.08"]
[Round "5"]
[White "Amberger, Dieter"]
[Black "Skopetz, Friedrich"]
[Result "1-0"]
[WhiteElo "2006"]
[BlackElo "1822"]
[PlyCount "115"]
[EventDate "2005.05.05"]

1. e4 e6 2. d4 d5 3. Nc3 Nf6 4. e5 Nfd7 5. f4 c5 6. Nf3 Nc6 7. Be3 cxd4 8. Nxd4
Nxd4 9. Bxd4 a6 10. Qd2 Bc5 11. O-O-O Bxd4 12. Qxd4 Qb6 13. h4 Qxd4 14. Rxd4
Nb8 15. Rd2 b5 16. a3 Nc6 17. Na2 Bd7 18. c3 a5 19. b4 Ke7 20. Be2 Rhc8 21. Kb2
Rc7 22. Rhd1 axb4 23. Nxb4 Nxb4 24. axb4 Rca7 25. Kc2 Rc7 26. Rb1 Ra3 27. Rb3
Ra2+ 28. Kd3 Rxd2+ 29. Kxd2 Ra7 30. Rb2 Kd8 31. g4 Ra1 32. Bd1 Kc7 33. Ke2 Ra3
34. Kd3 Ra1 35. Rd2 Kb6 36. h5 Kb7 37. Kc2 Ra2+ 38. Kc1 Rxd2 39. Kxd2 Kc7 40.
Ke3 g6 41. Kd4 Kc6 42. Bc2 Bc8 43. Ke3 Bd7 44. Kf3 Kc7 45. Kg3 Kd8 46. Kh4 Ke8
47. Kg5 Kf8 48. Kf6 Bc8 49. Bd1 Bb7 50. Bf3 Bc8 51. f5 gxf5 52. gxf5 Bd7 53. h6
exf5 54. Bxd5 Be6 55. Bc6 f4 56. Bxb5 Bh3 57. Bc6 Bg4 58. Kg5 1-0